La Escuela Social de Barcelona
Descripción Física:
32 p., 5 f. de làm. : fot. ; 22 cm
Materias:
Escola Social de Barcelona
MARC
| LEADER | 00000nam a2200000Ia 4500 | ||
|---|---|---|---|
| 001 | 23510 | ||
| 003 | BGR | ||
| 005 | 20260410113705.0 | ||
| 008 | 160829s1940 xx 000 0 cat d | ||
| 080 | |a FU-61-59 | ||
| 245 | |a La Escuela Social de Barcelona | ||
| 260 | |a Barcelona : |b NAGSA, |c 1940 | ||
| 300 | |a 32 p., 5 f. de làm. : |b fot. ; |c 22 cm | ||
| 590 | |a Abans del títol: Servicio Sindical de Cultura Social. | ||
| 590 | |a Conté el reglament provisional i el pla d'estudis del curs 1940-1941 | ||
| 610 | 1 | 0 | |a Escola Social de Barcelona |9 70799 |
| 710 | 1 | |a Escola Social de Barcelona |9 70799 | |
| 710 | 2 | |a Servicio Sindical de Cultura Social |9 70800 | |
| 856 | 4 | |u https://media.diba.cat/diba/fitxers/arxiu/fulletons/bib_23510_baixa.pdf |y Accés lliure | |
| 856 | 4 | |u https://media.diba.cat/diba/fitxers/arxiu/fulletons/bib_23510_baixa.pdf |y Accés lliure | |
| 900 | |a bib_23510_baixa.pdf | ||
| 901 | |a Arxiu | ||
| 942 | |n 1 |2 udc |c MON | ||
| 952 | |0 0 |1 0 |4 0 |6 FU6159 |7 1 |9 54948 |a Arxiu |b Arxiu |d 2012-08-06 |l 0 |o FU-61-59 |p 23510 |r 2016-12-01 00:00:00 |w 2016-12-01 |y ARXIU | ||
| 999 | |c 58818 |d 58818 | ||